LEADER 00966nam a2200241 4500 001 000000333414 003 CaOOAMICUS 005 20190606165833.0 008 190430s1982 xxk 000 u eng r 020 $a0-232-51586-7 040 $aSeMil$bita 100 1 $aO'Collins, Gerald,$c.$0(OLS)http://semarc/name/90325 245 10$aFundamental theology /$cGerald O'Collins. 264 1$aLondon :$bDarton, Longman & Todd,$c1982. 300 $a283 p. ;$c22 cm 650 4$aTeologia fondamentale - Manuali.$0(OLS)http://semarc/subject/673 850 $aSeMil 852 $aSeMil$W1$xVenegono$y1$m2B VII 58$j213739$B225632$CSeMilBibl$Z2$F225632 $81 961 $aAntonelli don Mario - Omaggio 996 $6020$a0-232-51586-7$9(OLS)http://semarc/number/287184 996 $6245$aFundamental theology$9(OLS)http://semarc/title/422951 996 $6264$aLondon :$bDarton, Longman & Todd$9(OLS)http://semarc/publisher/35603 LEADER 01044nam a2200217 i 4500 001 000000198332 003 CaOOAMICUS 005 20110301000000.0 008 110301s1961 it u000 u ita u 013 $a177020 040 $aSeMil$bita 100 1 $aVito, Francesco <1902-1968>.$0(OLS)http://semarc/name/8466 245 12$aL'economia a servizio dell'uomo :$bi nuovi orientamenti della politica economica e sociale /$cFrancesco Vito Ordinario di economia politica nell'Università Cattolica del S. Cuore. 250 $a6. edizione riveduta e ampliata. 260 $aMilano :$bVita e Pensiero,$cstampa 1961. 300 $a474 p. ;$c20 cm. 650 4$aItalia - Politica economica.$0(OLS)http://semarc/subject/25001 850 $aSeMil 852 $aSeMil$W1$xVenegono$y1$m3L II 159$j148888$B148888$CSeMilBibl$Z2$F160305 $81 996 $6245$aL'economia a servizio dell'uomo :$bi nuovi orientamenti della politica economica e sociale$9(OLS)http://semarc/title/185945 996 $6260$aMilano :$bVita e Pensiero$9(OLS)http://semarc/publisher/29642